| 000 | 00444nam a2200145Ia 4500 | ||
|---|---|---|---|
| 008 | 230519s9999 xx 000 0 und d | ||
| 020 | _a978-93-88178-61-7 | ||
| 041 | _aeng | ||
| 082 | _aR/610.724/SIV/DB0879 | ||
| 100 |
_aSivabalan T & Vimala G _9180529 |
||
| 245 | _aTextbook Of Nursing Research And Statistics For Undergraduates | ||
| 260 |
_bCBS Publishers & Distributors _aNew Delhi _c2019 |
||
| 300 | _a272p | ||
| 999 |
_c159486 _d159486 |
||